Piazzamenti delle Nazionali agli Europei "Polonia-Ucraina 2012" - Statistics

Statistiche generali
  • Questo quiz è stato fatto 5 volte
  • Il punteggio medio è 9 su 16
Statistiche sulle risposte
Hint Risposta % Corretto
Spagna Campione
100%
Italia Secondo posto
100%
Irlanda Fase a gironi
80%
Portogallo Semifinale
80%
Russia Fase a gironi
60%
Ucraina Fase a gironi
60%
Svezia Fase a gironi
60%
Polonia Fase a gironi
60%
Inghilterra Quarti di finale
60%
Repubblica Ceca Quarti di finale
60%
Paesi Bassi Fase a gironi
40%
Croazia Fase a gironi
40%
Danimarca Fase a gironi
40%
Francia Quarti di finale
40%
Germania Semifinale
40%
Grecia Quarti di finale
20%
Nessun quiz corrispondente trovato
Distribuzione punteggi
Percentuale di utenti per punteggio
Percentile per numero di risposta
I tuoi punteggi nel tempo
Non hai fatto questo quiz